Normal view MARC view

Entry Corporate Name

Number of records used in: 1

001 - CONTROL NUMBER

  • control field: 67231

003 - CONTROL NUMBER IDENTIFIER

  • control field:

005 - DATE AND TIME OF LATEST TRANSACTION

  • control field: 20250820105812.0

008 - FIXED-LENGTH DATA ELEMENTS

  • fixed length control field: 250820|| aca||aabn | a|a d

040 ## - CATALOGING SOURCE

  • Original cataloging agency:
  • Transcribing agency:

110 ## - HEADING--CORPORATE NAME

  • Corporate name or jurisdiction name as entry element: MESSIAH Mandate Ministry

670 ## - SOURCE DATA FOUND

  • Source citation: Work cat.: ()8518: MESSIAH Mandate Ministry, Spiritual awareness series /

National Library of Nigeria OPAC is powered by Koha